[Event "27th North American Open"]
[Site "Las Vegas"]
[Date "2017.12.26"]
[Round "1"]
[White "Gorovets, Andrey"]
[Black "Krishnamoorthy, Vijay"]
[Result "1-0"]
[WhiteElo "2523"]
[BlackElo "2198"]
[PlyCount "45"]
[EventDate "2017.12.??"]
[EventType "swiss"]
[EventRounds "9"]
[EventCountry "USA"]
[Source "MonRoi"]

1. c4 d6 2. d4 Nf6 3. Nc3 Nc6 4. Nf3 g6 5. e4 Bg7 6. d5 Nb8 7. h3 O-O 8. Bd3 e6
9. O-O a5 10. Be3 Na6 11. a3 Nd7 12. Nd4 e5 13. Ndb5 f5 14. exf5 gxf5 15. f4
Ndc5 16. Bc2 Rb8 17. fxe5 dxe5 18. b4 f4 19. Bxc5 Nxc5 20. bxc5 Qh4 21. Rf3 Rf6
22. Nxc7 Rh6 23. Ne6 1-0

[Event "27th North American Open"]
[Site "Las Vegas"]
[Date "2017.12.26"]
[Round "1"]
[White "Adamson, Robby"]
[Black "Paragua, Mark"]
[Result "0-1"]
[WhiteElo "2197"]
[BlackElo "2513"]
[PlyCount "54"]
[EventDate "2017.12.??"]
[EventType "swiss"]
[EventRounds "9"]
[EventCountry "USA"]
[Source "MonRoi"]

1. e4 c5 2. Nf3 e6 3. d4 cxd4 4. Nxd4 a6 5. Nc3 Ne7 6. Be2 Nbc6 7. O-O Nxd4 8.
Qxd4 Nc6 9. Qd3 Qc7 10. Kh1 b5 11. f4 Bb7 12. Bd2 Be7 13. Qg3 O-O 14. Rae1 b4
15. Nb1 a5 16. Be3 a4 17. Nd2 Ba6 18. e5 f5 19. exf6 Bxf6 20. Ne4 Bxb2 21. Bc5
Bxe2 22. Rxe2 Rf5 23. Bd6 Qa5 24. Rd2 Qb5 25. Rdd1 Qc4 26. Qe3 Rd5 27. h3 Nd4
0-1

[Event "27th North American Open"]
[Site "Las Vegas"]
[Date "2017.12.26"]
[Round "1"]
[White "Peng, Shunkai"]
[Black "Brown, Michael"]
[Result "1/2-1/2"]
[WhiteElo "2193"]
[BlackElo "2506"]
[PlyCount "102"]
[EventDate "2017.12.??"]
[EventType "swiss"]
[EventRounds "9"]
[EventCountry "USA"]
[Source "MonRoi"]

1. e4 e5 2. Nf3 Nc6 3. Bc4 Nf6 4. d3 Bc5 5. c3 d6 6. O-O a6 7. a4 Ba7 8. h3 h6
9. Re1 O-O 10. b4 Re8 11. Qb3 Be6 12. Nbd2 Qd7 13. Bxe6 Rxe6 14. Nf1 Ne7 15.
Ng3 Ng6 16. Be3 Bxe3 17. fxe3 c6 18. Rad1 d5 19. c4 dxe4 20. dxe4 Qc7 21. Rd3
a5 22. Rb1 Nd7 23. Nf5 axb4 24. Qxb4 b6 25. Ra3 Ra6 26. Nd2 Re8 27. Nb3 Nf6 28.
c5 Rb8 29. Raa1 bxc5 30. Qc4 Rab6 31. Nd2 Rxb1+ 32. Rxb1 Rxb1+ 33. Nxb1 Qa5 34.
Kf1 Qb4 35. Qxb4 cxb4 36. Nd2 Nd7 37. a5 Nc5 38. Ke1 Kf8 39. Nb3 Na6 40. Kd2
Ne7 41. Nd6 Ng6 42. Nb7 Nh4 43. N3c5 Nc7 44. Nd7+ Ke8 45. Nxe5 Nxg2 46. Nd6+
Ke7 47. Nf5+ Kf6 48. Nxc6 b3 49. Kc3 g6 50. Nxh6 Nxe3 51. Kxb3 Ke6 1/2-1/2

[Event "27th North American Open"]
[Site "Las Vegas"]
[Date "2017.12.26"]
[Round "1"]
[White "Checa, Nicolas"]
[Black "Yanayt, Eugene"]
[Result "1-0"]
[WhiteElo "2474"]
[BlackElo "2173"]
[PlyCount "79"]
[EventDate "2017.12.??"]
[EventType "swiss"]
[EventRounds "9"]
[EventCountry "USA"]
[Source "MonRoi"]

1. d4 Nf6 2. c4 g6 3. Nc3 Bg7 4. Nf3 O-O 5. e4 d6 6. Be2 e5 7. O-O Nc6 8. Be3
Ng4 9. Bg5 f6 10. Bc1 f5 11. Bg5 Qe8 12. d5 Nd8 13. Nd2 Nf7 14. Bh4 Nf6 15. f3
f4 16. Bf2 g5 17. c5 Bd7 18. Qb3 g4 19. Qxb7 dxc5 20. Bb5 g3 21. hxg3 fxg3 22.
Bxg3 Qe7 23. Bh4 Nd6 24. Qxc7 Nxb5 25. Nxb5 Rab8 26. Nd6 Rxb2 27. Nf5 Qe8 28.
Nc4 Bxf5 29. Nxb2 Bc8 30. Nc4 Ba6 31. Nd6 Qh5 32. Nf5 Ne8 33. Qd7 Bxf1 34. Rxf1
Rxf5 35. exf5 e4 36. Qe6+ Kh8 37. f6 Bh6 38. f7 Be3+ 39. Bf2 Bxf2+ 40. Rxf2 1-0

[Event "27th North American Open"]
[Site "Las Vegas"]
[Date "2017.12.26"]
[Round "1"]
[White "Norowitz, Yaacov"]
[Black "Soo-Burrowes, Eliot"]
[Result "1-0"]
[WhiteElo "2423"]
[BlackElo "2143"]
[PlyCount "73"]
[EventDate "2017.12.??"]
[EventType "swiss"]
[EventRounds "9"]
[EventCountry "USA"]
[Source "MonRoi"]

1. d4 Nf6 2. Nf3 g6 3. e3 Bg7 4. Be2 d5 5. b3 c5 6. Bb2 Nc6 7. O-O cxd4 8. Nxd4
O-O 9. Nxc6 bxc6 10. c4 Be6 11. Nd2 Qb6 12. cxd5 cxd5 13. Bd4 Qb7 14. Qc2 Rfc8
15. Qb2 Ne8 16. Bxg7 Nxg7 17. Rfc1 Nf5 18. h3 Qb6 19. Nf3 Bd7 20. Ne5 Qd6 21.
Bg4 h5 22. Bf3 Nh4 23. Rd1 Nxf3+ 24. Nxf3 e6 25. Rac1 Rxc1 26. Rxc1 a5 27. Qf6
Be8 28. g4 hxg4 29. hxg4 Qd8 30. Qf4 f6 31. g5 Ra7 32. Qxf6 Qxf6 33. gxf6 Kf7
34. Rc8 Bb5 35. Rc5 Be2 36. Nd4 Bg4 37. Nc6 1-0

[Event "27th North American Open"]
[Site "Las Vegas"]
[Date "2017.12.26"]
[Round "1"]
[White "Mulyar, Michael"]
[Black "Premkumar, Hiren"]
[Result "1/2-1/2"]
[WhiteElo "2402"]
[BlackElo "2090"]
[PlyCount "85"]
[EventDate "2017.12.??"]
[EventType "swiss"]
[EventRounds "9"]
[EventCountry "USA"]
[Source "MonRoi"]

1. d4 e6 2. Nf3 d5 3. c4 c6 4. g3 Nf6 5. Bg2 Be7 6. O-O O-O 7. b3 b6 8. Bb2 Bb7
9. Nc3 Nbd7 10. Qc2 Qc7 11. Rfd1 Rac8 12. Rac1 Rfd8 13. Qb1 Qb8 14. e4 dxe4 15.
Nxe4 c5 16. Nxf6+ Bxf6 17. dxc5 Bxb2 18. Qxb2 Nxc5 19. Qe2 Qa8 20. Rxd8+ Rxd8
21. Rd1 h6 22. b4 Ne4 23. Rxd8+ Qxd8 24. Ne1 Nc3 25. Qe5 Bxg2 26. Kxg2 Nxa2 27.
Qb2 Qd1 28. Nc2 Nc1 29. Ne3 Qe1 30. Qc2 Ne2 31. Qd3 Nc1 32. Qd8+ Kh7 33. Qe7
Nd3 34. Qxf7 Qxb4 35. Qxe6 Qd2 36. Ng4 Qg5 37. Qd7 Ne5 38. Nxe5 Qxe5 39. Qxa7
Qe4+ 40. Kg1 Qe1+ 41. Kg2 Qe4+ 42. Kg1 Qe1+ 43. Kg2 1/2-1/2

[Event "27th North American Open"]
[Site "Las Vegas"]
[Date "2017.12.26"]
[Round "1"]
[White "Kirumaki, Ronit"]
[Black "Wheeler, Cameron"]
[Result "0-1"]
[WhiteElo "2050"]
[BlackElo "2384"]
[PlyCount "60"]
[EventDate "2017.12.??"]
[EventType "swiss"]
[EventRounds "9"]
[EventCountry "USA"]
[Source "MonRoi"]

1. b3 e5 2. Bb2 Nc6 3. e3 Nf6 4. Bb5 Bd6 5. Nf3 e4 6. Nh4 Be5 7. Bxe5 Nxe5 8.
Nf5 O-O 9. d4 exd3 10. Bxd3 d5 11. Ng3 h5 12. Nc3 g6 13. O-O h4 14. Nh1 Re8 15.
h3 d4 16. exd4 Qxd4 17. Nb5 Qb6 18. a4 a6 19. Na3 Rd8 20. Nc4 Nxc4 21. bxc4 Qd4
22. Qf3 Nd7 23. Rad1 Ne5 24. Qe2 Qc5 25. Bxg6 Rxd1 26. Bh7+ Kxh7 27. Qh5+ Kg7
28. Rxd1 Qe7 29. f4 Ng6 30. f5 Qc5+ 0-1

[Event "27th North American Open"]
[Site "Las Vegas"]
[Date "2017.12.26"]
[Round "1"]
[White "Aaron, Deepak"]
[Black "Higashino, Tetsuo"]
[Result "1-0"]
[WhiteElo "2307"]
[BlackElo "1979"]
[PlyCount "71"]
[EventDate "2017.12.??"]
[EventType "swiss"]
[EventRounds "9"]
[EventCountry "USA"]
[Source "MonRoi"]

1. e4 g6 2. d4 Bg7 3. Nc3 d6 4. Be3 a6 5. Qd2 b5 6. O-O-O Nd7 7. h4 h6 8. h5 g5
9. f4 gxf4 10. Bxf4 Bb7 11. Qe1 c5 12. Nf3 Qa5 13. Qg3 Kf8 14. Nd2 cxd4 15. Nb3
Qb6 16. Nd5 Bxd5 17. exd5 Rc8 18. Rh4 Ngf6 19. Nxd4 Qc5 20. c4 Ne4 21. Qe3 Ndf6
22. Nf5 bxc4 23. Qxc5 Rxc5 24. Be3 Rc7 25. Bb6 Rc8 26. Bd4 Ng5 27. Re1 Rc7 28.
Bc3 Ne8 29. Nxg7 Nxg7 30. Rxc4 Rxc4 31. Bxc4 Rg8 32. g4 Ne8 33. Bxa6 Nc7 34.
Bb7 Nf3 35. Re4 Rg5 36. Rc4 1-0

[Event "27th North American Open"]
[Site "Las Vegas"]
[Date "2017.12.26"]
[Round "1"]
[White "Atoufi, Pedram"]
[Black "Hullahalli, Adarsh"]
[Result "1/2-1/2"]
[WhiteElo "2284"]
[BlackElo "1901"]
[PlyCount "44"]
[EventDate "2017.12.??"]
[EventType "swiss"]
[EventRounds "9"]
[EventCountry "USA"]
[Source "MonRoi"]

1. e4 c5 2. Nf3 d6 3. c3 Nf6 4. Bd3 Nc6 5. Bc2 g6 6. O-O Bg7 7. d4 O-O 8. dxc5
dxc5 9. Qe2 Qc7 10. Re1 b6 11. e5 Nd5 12. c4 Ndb4 13. Be4 Bg4 14. Bf4 Rad8 15.
Bxc6 Qxc6 16. Nc3 Nd3 17. Nd5 Nxf4 18. Nxf4 Bxf3 19. gxf3 e6 20. Rad1 Qc7 21.
Rxd8 Rxd8 22. Ng2 Qd7 1/2-1/2

[Event "27th North American Open"]
[Site "Las Vegas"]
[Date "2017.12.26"]
[Round "1"]
[White "Anderson, Michael"]
[Black "Kretchetov, Alexandre"]
[Result "0-1"]
[WhiteElo "1711"]
[BlackElo "2264"]
[PlyCount "60"]
[EventDate "2017.12.??"]
[EventType "swiss"]
[EventRounds "9"]
[EventCountry "USA"]
[Source "MonRoi"]

1. e4 g6 2. d4 c6 3. Nf3 d5 4. Nc3 Bg7 5. Be3 Bg4 6. Be2 e6 7. h3 Bxf3 8. Bxf3
Nd7 9. Qd2 h6 10. O-O Ne7 11. exd5 cxd5 12. Rfe1 Nb6 13. Rad1 Nc4 14. Qc1 Nxe3
15. fxe3 O-O 16. Ne2 Nf5 17. c3 h5 18. e4 Bh6 19. Nf4 dxe4 20. Bxe4 Qh4 21. Rf1
Ng3 22. Nxg6 Qxe4 23. Qxh6 Qxg6 24. Qxg6+ fxg6 25. Rfe1 Rae8 26. Re3 h4 27.
Rde1 Rf5 28. d5 Rxd5 29. Rxe6 Rxe6 30. Rxe6 Rd1+ 0-1

[Event "27th North American Open"]
[Site "Las Vegas"]
[Date "2017.12.26"]
[Round "1"]
[White "Ghatti, Sanjay"]
[Black "Li, Ruifeng"]
[Result "1/2-1/2"]
[WhiteElo "2212"]
[BlackElo "2569"]
[PlyCount "64"]
[EventDate "2017.12.??"]
[EventType "swiss"]
[EventRounds "9"]
[EventCountry "USA"]
[Source "MonRoi"]

1. e4 c5 2. Nf3 d6 3. d4 cxd4 4. Nxd4 Nf6 5. Nc3 a6 6. g3 e6 7. Bg2 Be7 8. O-O
O-O 9. Be3 Qc7 10. f4 Nc6 11. Kh1 Rb8 12. a4 Rd8 13. Nb3 b6 14. Qe2 Na5 15. g4
Nc4 16. g5 Nd7 17. Rf3 Nxb2 18. Rh3 Qxc3 19. Bd4 Qc4 20. Qh5 Nf8 21. Bxb2 Qxc2
22. Bd4 Qc7 23. Rc1 Qd7 24. Rf1 Bb7 25. f5 exf5 26. exf5 Bxg2+ 27. Kxg2 f6 28.
gxf6 Bxf6 29. Bxf6 gxf6 30. Rf4 Kh8 31. Rg3 Qe7 32. Nd4 Re8 1/2-1/2

[Event "27th North American Open"]
[Site "Las Vegas"]
[Date "2017.12.26"]
[Round "2"]
[White "Wheeler, Cameron"]
[Black "Gabuzyan, Hovhannes"]
[Result "0-1"]
[WhiteElo "2384"]
[BlackElo "2581"]
[PlyCount "178"]
[EventDate "2017.12.??"]
[EventType "swiss"]
[EventRounds "9"]
[EventCountry "USA"]
[Source "MonRoi"]

1. d4 Nf6 2. c4 g6 3. g3 c5 4. Nf3 Bg7 5. Bg2 Qa5+ 6. Bd2 Qb6 7. dxc5 Qxc5 8.
Qb3 Nc6 9. Nc3 O-O 10. Rc1 d6 11. Qb5 Be6 12. b3 Qa3 13. O-O Rfc8 14. h3 Bd7
15. Qg5 h6 16. Qe3 Qa5 17. Rfd1 Qd8 18. Be1 Qf8 19. c5 dxc5 20. Qxc5 Be6 21.
Qa3 Qe8 22. b4 a6 23. Na4 Nd7 24. Bc3 Bxc3 25. Nxc3 Nb6 26. Ne4 Nc4 27. Qc3 a5
28. bxa5 Rxa5 29. Rb1 b6 30. Ned2 Nd6 31. Rxb6 Rxa2 32. e4 Kh7 33. Qe3 Qd7 34.
Rdb1 Na5 35. Ne5 Qa7 36. Bf1 Rcc2 37. Nef3 Nc8 38. Ra6 Qxe3 39. fxe3 Nd6 40.
Rb8 Nc6 41. Rxa2 Rxa2 42. Rb6 Rc2 43. Nc4 Bxh3 44. Nxd6 Bxf1 45. Kxf1 exd6 46.
Nd4 Rc1+ 47. Ke2 Ne5 48. Rxd6 Rc3 49. Nf3 Rxe3+ 50. Kxe3 Nc4+ 51. Kd4 Nxd6 52.
Ke5 Ne8 53. g4 Kg7 54. Kf4 Nc7 55. e5 Kf8 56. Nd2 Ke7 57. Ke4 Kd7 58. Nc4 Nb5
59. Nb6+ Kc6 60. Nd5 Nc7 61. Nf6 Ne6 62. Ng8 Nc5+ 63. Kf4 Kd5 64. Nxh6 Ke6 65.
Kg5 Ne4+ 66. Kf4 Nc3 67. g5 Na4 68. Ng4 Nc5 69. Ke3 Kd7 70. Nh6 Ke7 71. Kf4 Kf8
72. Kf3 Ke7 73. Kf4 Ke6 74. Ng4 Kd5 75. Ne3+ Kc6 76. Nc4 Ne6+ 77. Ke3 Kd5 78.
Nd6 Nxg5 79. Kf4 Ne6+ 80. Kg4 Nd8 81. Kg5 Ke6 82. Kh6 Ke7 83. Kg7 Ne6+ 84. Kh6
Nd4 85. Kh7 Ke6 86. Kg8 g5 87. Nxf7 g4 88. Kg7 Nf3 89. Nh6 g3 0-1

[Event "27th North American Open"]
[Site "Las Vegas"]
[Date "2017.12.26"]
[Round "2"]
[White "Zhu, Jack"]
[Black "Ghaemmaghami, Ehsan"]
[Result "0-1"]
[WhiteElo "2380"]
[BlackElo "2545"]
[PlyCount "82"]
[EventDate "2017.12.??"]
[EventType "swiss"]
[EventRounds "9"]
[EventCountry "USA"]
[Source "MonRoi"]

1. d4 Nf6 2. c4 e6 3. Nc3 Bb4 4. e3 O-O 5. Nge2 Re8 6. a3 Bf8 7. Ng3 d5 8. Be2
b6 9. Bf3 Ba6 10. b3 c6 11. O-O dxc4 12. b4 Nd5 13. Nce2 Nd7 14. Qa4 Bb7 15.
Qc2 b5 16. e4 Ne7 17. Bb2 a5 18. Rad1 axb4 19. axb4 Ng6 20. Bc3 Nf6 21. Nc1 Ra4
22. Qb1 Qc7 23. Rfe1 Rea8 24. Rd2 Ra3 25. Re3 Nd7 26. Ra2 Rxa2 27. Nxa2 e5 28.
Nf5 exd4 29. Bxd4 Nde5 30. Be2 Nf4 31. Bf1 g6 32. Rg3 Bc8 33. Nc3 Nh5 34. Rh3
f6 35. Ne2 Qf7 36. Neg3 Bxf5 37. exf5 Nf4 38. Rh4 g5 39. Rxf4 gxf4 40. Ne4 Be7
41. Qc1 Qd5 0-1

[Event "27th North American Open"]
[Site "Las Vegas"]
[Date "2017.12.26"]
[Round "2"]
[White "Kavutskiy, Konstantin"]
[Black "Gorovets, Andrey"]
[Result "1-0"]
[WhiteElo "2369"]
[BlackElo "2523"]
[PlyCount "105"]
[EventDate "2017.12.??"]
[EventType "swiss"]
[EventRounds "9"]
[EventCountry "USA"]
[Source "MonRoi"]

1. d4 d5 2. c4 e6 3. Nf3 c6 4. Qc2 Nf6 5. e3 Ne4 6. Be2 Bd6 7. O-O Nd7 8. b3
Qe7 9. Nbd2 f5 10. Bb2 O-O 11. Rac1 a5 12. g3 Bb4 13. c5 a4 14. a3 Bxd2 15.
Nxd2 Nxd2 16. Qxd2 axb3 17. Rc3 e5 18. f3 e4 19. f4 h6 20. Rxb3 g5 21. Bc3 Nf6
22. h3 Kh8 23. Kh2 Rg8 24. Qe1 Be6 25. Qf2 Raf8 26. a4 Bc8 27. a5 Ne8 28. a6
bxa6 29. Ba5 Rf6 30. Rfb1 Ng7 31. Rb8 Ne6 32. Ra8 gxf4 33. gxf4 Rfg6 34. Bf1
Kh7 35. Rbb8 Bb7 36. Rxg8 Rxg8 37. Ra7 Ra8 38. Rxa8 Bxa8 39. Bxa6 Bb7 40. Bf1
Bc8 41. Be1 Bd7 42. Qb2 Be8 43. Qb8 Nf8 44. Ba5 Ng6 45. Bd8 Qd7 46. Ba6 Qe6 47.
Bc8 Bd7 48. Bxd7 Qxd7 49. Bf6 h5 50. h4 Qf7 51. Qd6 Qb7 52. Qe6 Qb2+ 53. Kg3
1-0

[Event "27th North American Open"]
[Site "Las Vegas"]
[Date "2017.12.26"]
[Round "2"]
[White "Paragua, Mark"]
[Black "Taghizadeh, Rayan"]
[Result "1-0"]
[WhiteElo "2513"]
[BlackElo "2346"]
[PlyCount "73"]
[EventDate "2017.12.??"]
[EventType "swiss"]
[EventRounds "9"]
[EventCountry "USA"]
[Source "MonRoi"]

1. d4 Nf6 2. Nf3 e6 3. g3 b6 4. Bg2 Bb7 5. c4 g6 6. O-O Bg7 7. Nc3 Ne4 8. Qc2
Nxc3 9. Qxc3 O-O 10. Bg5 Qc8 11. Qd2 d6 12. Rac1 Nd7 13. b4 Nf6 14. Bxf6 Bxf6
15. d5 Rd8 16. Bh3 Qd7 17. dxe6 fxe6 18. c5 bxc5 19. bxc5 Bxf3 20. exf3 d5 21.
Rfe1 Re8 22. Qf4 Qf7 23. Qa4 Rab8 24. f4 e5 25. fxe5 Bxe5 26. Rc2 Bf6 27. Rce2
Rxe2 28. Rxe2 Kg7 29. Be6 Qe7 30. Qc6 Rb1+ 31. Kg2 Rc1 32. Bg4 Qxc5 33. Qd7+
Kh6 34. Qf7 Qd4 35. Re6 Kg5 36. Rxf6 Qxg4 37. Rf4 1-0

[Event "27th North American Open"]
[Site "Las Vegas"]
[Date "2017.12.26"]
[Round "2"]
[White "Bryant, John"]
[Black "Aaron, Deepak"]
[Result "1-0"]
[WhiteElo "2437"]
[BlackElo "2307"]
[PlyCount "62"]
[EventDate "2017.12.??"]
[EventType "swiss"]
[EventRounds "9"]
[EventCountry "USA"]
[Source "MonRoi"]

1. e4 e6 2. d4 d5 3. Nd2 Nf6 4. e5 Nfd7 5. f4 c5 6. c3 Nc6 7. Ndf3 cxd4 8. cxd4
a5 9. Bd3 a4 10. Ne2 g6 11. O-O a3 12. g4 axb2 13. Bxb2 Qb6 14. Qd2 Bb4 15. Qe3
h5 16. h3 hxg4 17. hxg4 Nc5 18. Bc2 Ne4 19. Rfb1 Bd7 20. Kg2 Na5 21. Bd3 Qc6
22. Rc1 Qa4 23. Ng3 Nxg3 24. Kxg3 Nc4 25. Bxc4 dxc4 26. d5 Ba3 27. Bxa3 Qxa3
28. Rc3 Qb2 29. Rd1 Rxa2 30. Rd2 Qb1 31. Rxa2 Qxa2 1-0

[Event "27th North American Open"]
[Site "Las Vegas"]
[Date "2017.12.26"]
[Round "2"]
[White "Niemann, Hans"]
[Black "Schmakel, Sam"]
[Result "0-1"]
[WhiteElo "2297"]
[BlackElo "2430"]
[PlyCount "124"]
[EventDate "2017.12.??"]
[EventType "swiss"]
[EventRounds "9"]
[EventCountry "USA"]
[Source "MonRoi"]

1. d4 Nf6 2. c4 g6 3. Nc3 Bg7 4. e4 d6 5. Be2 O-O 6. Nf3 e5 7. dxe5 dxe5 8.
Qxd8 Rxd8 9. Bg5 c6 10. Nxe5 Re8 11. O-O-O Na6 12. f4 h6 13. Bh4 g5 14. Bg3 Nc5
15. Bf3 g4 16. Bf2 gxf3 17. Bxc5 fxg2 18. Rhg1 Nh5 19. Nd3 Bxc3 20. bxc3 Rxe4
21. Rxg2+ Kh7 22. Rdg1 Bh3 23. Rb2 b6 24. Bd4 Bf5 25. Rd2 c5 26. Bf2 f6 27. Bg3
Rxc4 28. Kb2 Rd8 29. Rgd1 Re4 30. Nf2 Rxd2+ 31. Rxd2 Re3 32. Nd1 Re7 33. c4 Re4
34. a3 Kg6 35. Kb3 Be6 36. Nc3 Bxc4+ 37. Kb2 Re7 38. Rd8 Kf5 39. Rh8 Nxg3 40.
hxg3 Rg7 41. Rxh6 Rxg3 42. Rxf6+ Kxf6 43. Ne4+ Kf5 44. Nxg3+ Kxf4 45. Nh5+ Ke5
46. Kc3 Be6 47. Ng3 b5 48. Ne2 Bc4 49. Nc1 Kd5 50. Kd2 Kc6 51. Kc3 Kb6 52. a4
a6 53. axb5 axb5 54. Kb2 Ka5 55. Ka3 b4+ 56. Kb2 Ka4 57. Ka1 Ka3 58. Nd3 b3 59.
Nb2 Be2 60. Nd3 c4 61. Nb2 c3 62. Kb1 Bb5 0-1

[Event "27th North American Open"]
[Site "Las Vegas"]
[Date "2017.12.26"]
[Round "2"]
[White "Daggupati, Balaji"]
[Black "Norowitz, Yaacov"]
[Result "1/2-1/2"]
[WhiteElo "2270"]
[BlackElo "2423"]
[PlyCount "82"]
[EventDate "2017.12.??"]
[EventType "swiss"]
[EventRounds "9"]
[EventCountry "USA"]
[Source "MonRoi"]

1. e4 c6 2. d4 d5 3. Nc3 dxe4 4. Nxe4 Nf6 5. Nxf6+ gxf6 6. Nf3 Bg4 7. c3 Qd5 8.
Be2 e6 9. Qb3 Qxb3 10. axb3 Nd7 11. b4 Bd6 12. h3 Bh5 13. Ra5 Bg6 14. Nd2 e5
15. dxe5 fxe5 16. O-O a6 17. Nc4 Bc7 18. Ra1 O-O-O 19. Be3 Rhg8 20. Rfd1 Be4
21. f3 Bd5 22. Nd2 Nf6 23. Bc4 Rg7 24. Kf2 Rdg8 25. g4 h5 26. Bd3 Be6 27. Bh6
hxg4 28. Bxg7 g3+ 29. Kxg3 Rxg7+ 30. Kf2 Bb6+ 31. Ke1 Rg2 32. Kf1 Rg1+ 33. Ke2
Rg2+ 34. Kf1 Rh2 35. Nc4 Bf2 36. Bf5 Nh5 37. Bxe6+ Kb8 38. Rd8+ Ka7 39. Rxa6+
bxa6 40. Rd7+ Kb8 41. Rd8+ Ka7 1/2-1/2

[Event "27th North American Open"]
[Site "Las Vegas"]
[Date "2017.12.26"]
[Round "2"]
[White "Shmelov, Denys"]
[Black "Zhang, Xiaopeng"]
[Result "1-0"]
[WhiteElo "2420"]
[BlackElo "2265"]
[PlyCount "49"]
[EventDate "2017.12.??"]
[EventType "swiss"]
[EventRounds "9"]
[EventCountry "USA"]
[Source "MonRoi"]

1. d4 Nf6 2. c4 e6 3. Nc3 Bb4 4. Qc2 O-O 5. e4 d5 6. e5 Ne4 7. Bd3 c5 8. Nf3
cxd4 9. Nxd4 Nd7 10. Bf4 Ndc5 11. O-O Bxc3 12. bxc3 Bd7 13. Be2 Qa5 14. Rac1
Na4 15. cxd5 exd5 16. f3 Nexc3 17. Bd3 h6 18. Qd2 Rfe8 19. Kh1 b5 20. Rfe1 b4
21. Bxh6 Qb6 22. e6 Bxe6 23. Bxg7 Kxg7 24. Qg5+ Kf8 25. Qf6 1-0

[Event "27th North American Open"]
[Site "Las Vegas"]
[Date "2017.12.26"]
[Round "2"]
[White "Kretchetov, Alexandre"]
[Black "Li, Zhaozhi"]
[Result "1/2-1/2"]
[WhiteElo "2264"]
[BlackElo "2412"]
[PlyCount "109"]
[EventDate "2017.12.??"]
[EventType "swiss"]
[EventRounds "9"]
[EventCountry "USA"]
[Source "MonRoi"]

1. Nf3 Nf6 2. c4 b6 3. g3 Bb7 4. Bg2 e6 5. O-O Be7 6. Nc3 O-O 7. Re1 c5 8. e4
d6 9. d4 cxd4 10. Nxd4 Qc8 11. b3 a6 12. Ba3 Re8 13. Rc1 Nbd7 14. f4 Bf8 15.
Rc2 g6 16. Nf3 Nc5 17. Ng5 h6 18. Nh3 Qc7 19. Nf2 Rad8 20. Qc1 Qb8 21. Bb2 Rc8
22. Na4 Nxa4 23. Bxf6 Nc5 24. Ba1 e5 25. Bh3 h5 26. b4 Ne6 27. f5 Nd4 28. Bxd4
exd4 29. fxg6 fxg6 30. Bxc8 Qxc8 31. Qd2 Bg7 32. Qd3 Kh7 33. Rce2 Qe6 34. a3
Rc8 35. Rc2 Rc7 36. Kg2 Bc8 37. Rec1 Bh6 38. Qxd4 Bxc1 39. Rxc1 b5 40. c5 Bb7
41. Kg1 dxc5 42. Rxc5 Rf7 43. Qe3 Re7 44. Qf4 Qd7 45. Rc1 Rf7 46. Qe3 Qe6 47.
Re1 Ba8 48. Rd1 Qc8 49. Rd6 Qc2 50. Rd4 Qb1+ 51. Rd1 Qc2 52. Rc1 Qb2 53. Nh3
Re7 54. Ng5+ Kg7 55. h4 1/2-1/2

[Event "27th North American Open"]
[Site "Las Vegas"]
[Date "2017.12.26"]
[Round "2"]
[White "Li, Ruifeng"]
[Black "Wu, Rochelle"]
[Result "1-0"]
[WhiteElo "2569"]
[BlackElo "1894"]
[PlyCount "59"]
[EventDate "2017.12.??"]
[EventType "swiss"]
[EventRounds "9"]
[EventCountry "USA"]
[Source "MonRoi"]

1. e4 c5 2. Nc3 d6 3. g3 g6 4. Bg2 Bg7 5. d3 Nc6 6. Be3 Nf6 7. h3 O-O 8. Nge2
e6 9. O-O Qd7 10. d4 c4 11. f4 b6 12. g4 Bb7 13. Ng3 Ne7 14. Qd2 Ne8 15. f5
exf5 16. gxf5 Nc6 17. Nd5 f6 18. Nf4 g5 19. Ne6 Rf7 20. Nh5 h6 21. h4 d5 22.
hxg5 hxg5 23. e5 fxe5 24. Bxg5 Rxf5 25. Rxf5 Qxe6 26. Raf1 Nxd4 27. Rf7 Bc6 28.
c3 Nb5 29. Nxg7 Nxg7 30. R7f6 1-0

[Event "27th North American Open"]
[Site "Las Vegas"]
[Date "2017.12.26"]
[Round "2"]
[White "Andersen, Gunnar"]
[Black "Hess, Robert"]
[Result "0-1"]
[WhiteElo "2189"]
[BlackElo "2568"]
[PlyCount "64"]
[EventDate "2017.12.??"]
[EventType "swiss"]
[EventRounds "9"]
[EventCountry "USA"]
[Source "MonRoi"]

1. e4 d6 2. d4 Nf6 3. Nc3 c6 4. Nf3 g6 5. a4 Bg7 6. h3 O-O 7. Be2 Nbd7 8. O-O
Qc7 9. Be3 b6 10. Re1 e5 11. d5 cxd5 12. exd5 a6 13. Nd2 Bb7 14. Nde4 Nxe4 15.
Nxe4 h6 16. c4 f5 17. Nc3 e4 18. Bd4 Ne5 19. Rc1 Bf6 20. Bf1 Rae8 21. Be3 g5
22. a5 bxa5 23. c5 dxc5 24. Na4 c4 25. b3 Qg7 26. bxc4 g4 27. hxg4 fxg4 28. Nc5
Nf3+ 29. gxf3 gxf3+ 30. Kh1 Re5 31. Bf4 Rh5+ 32. Bh2 Be5 0-1

[Event "27th North American Open"]
[Site "Las Vegas"]
[Date "2017.12.26"]
[Round "2"]
[White "Brown, Michael"]
[Black "Oconnor, Derek"]
[Result "1-0"]
[WhiteElo "2506"]
[BlackElo "2201"]
[PlyCount "81"]
[EventDate "2017.12.??"]
[EventType "swiss"]
[EventRounds "9"]
[EventCountry "USA"]
[Source "MonRoi"]

1. d4 Nf6 2. c4 c5 3. d5 e6 4. Nc3 exd5 5. cxd5 d6 6. Nf3 g6 7. h3 Bg7 8. Bf4
a6 9. a4 O-O 10. e3 Re8 11. Nd2 Nbd7 12. Be2 Ne5 13. O-O Nfd7 14. Re1 f5 15.
Bh2 b6 16. Qb3 Rb8 17. Bf1 Qf6 18. f4 Nf7 19. Kh1 Qd8 20. e4 fxe4 21. Ndxe4 Nf6
22. Ng5 Nxg5 23. fxg5 Rxe1 24. Rxe1 Ne8 25. Bf4 b5 26. axb5 axb5 27. Ne4 Rb7
28. Qg3 Rb6 29. Bd2 b4 30. b3 Bf5 31. Bf4 Bd4 32. Qf3 Ng7 33. g4 Bxe4 34. Qxe4
Rb7 35. Bd3 Rf7 36. Kg2 Qf8 37. Rf1 Ne8 38. Qe6 Kh8 39. Be5+ Bxe5 40. Rxf7 Qg8
41. Bb5 1-0

[Event "27th North American Open"]
[Site "Las Vegas"]
[Date "2017.12.26"]
[Round "2"]
[White "Yang, Kevin"]
[Black "Mulyar, Michael"]
[Result "1/2-1/2"]
[WhiteElo "2099"]
[BlackElo "2402"]
[PlyCount "80"]
[EventDate "2017.12.??"]
[EventType "swiss"]
[EventRounds "9"]
[EventCountry "USA"]
[Source "MonRoi"]

1. e4 e5 2. Nf3 Nc6 3. Bc4 Nf6 4. d3 Be7 5. O-O O-O 6. Re1 d6 7. h3 Na5 8. Bb3
Nxb3 9. axb3 b6 10. d4 Bb7 11. Nc3 Nd7 12. dxe5 Nxe5 13. Nxe5 dxe5 14. Be3 Bb4
15. Qg4 Qc8 16. Qxc8 Rfxc8 17. f3 a6 18. Red1 Bxc3 19. bxc3 Rd8 20. Kf2 f6 21.
c4 Rxd1 22. Rxd1 Bc6 23. c5 b5 24. b4 Kf7 25. Ra1 Ke6 26. Ra3 g6 27. Bd2 f5 28.
Ke3 fxe4 29. fxe4 Bb7 30. Ra1 Rf8 31. g3 h5 32. h4 Rg8 33. Rf1 g5 34. Rf5 gxh4
35. gxh4 Rg3+ 36. Kf2 Bxe4 37. Rxe5+ Kxe5 38. Kxg3 Kd4 39. c3+ Kd3 40. Be1 c6
1/2-1/2

[Event "27th North American Open"]
[Site "Las Vegas"]
[Date "2017.12.26"]
[Round "2"]
[White "Yanayt, Eugene"]
[Black "Freitag, Todd"]
[Result "1/2-1/2"]
[WhiteElo "2173"]
[BlackElo "2002"]
[PlyCount "71"]
[EventDate "2017.12.??"]
[EventType "swiss"]
[EventRounds "9"]
[EventCountry "USA"]
[Source "MonRoi"]

1. Nf3 Nf6 2. c4 c5 3. d4 cxd4 4. Nxd4 e6 5. Nc3 Nc6 6. Nc2 b6 7. g3 Bb7 8. Bg2
Na5 9. Bxb7 Nxb7 10. b3 Be7 11. Bb2 O-O 12. e4 d6 13. O-O a6 14. Qe2 Qc7 15.
Rac1 Nd7 16. Rfd1 Bf6 17. Ne3 g6 18. h4 h5 19. Ng2 Bg7 20. Nf4 Ne5 21. Rd2 Rac8
22. Nd1 Ng4 23. Bxg7 Kxg7 24. c5 bxc5 25. Qxa6 Ra8 26. Qe2 Qe7 27. Nc3 Rfd8 28.
Nb5 Rd7 29. Qd1 Rad8 30. Nd3 Qf6 31. Nf4 d5 32. b4 cxb4 33. exd5 e5 34. Nh3 e4
35. Rd4 e3 36. Rf4 1/2-1/2